| 000 | 00560 a2200169 4500 | ||
|---|---|---|---|
| 020 | _a0199249725 | ||
| 040 |
_aDLC _bDLC |
||
| 100 | 1 | _aJordan, D. W. | |
| 245 | 1 | 0 |
_aMathematical techniques : an introduction for the engineering, physical, and mathematical sciences _cD.W. Jordan and P. Smith. |
| 250 | _a3rd ed. | ||
| 260 |
_aOxford ; _aNew York : _bOxford University Press, _c2002. |
||
| 300 |
_axviii, 862 p. : _bill. ; _c25 cm. |
||
| 500 | _aIncludes index. | ||
| 650 | 0 | _aMathematical analysis. | |
| 700 | 1 |
_aSmith, Peter, _d1935- |
|
| 942 |
_cBK _k515 JOR _2ddc |
||
| 999 |
_c7606 _d7606 |
||